000 00774nam a22001937a 4500
999 _c13299
_d13299
003 AR-CdUCM
008 190411b ||||| |||| 00| 0 spa d
040 _aMUNICIPALIDAD PROVINCIAL DEL CUSCO
_cBIBLIOTECA MUNICIPAL DEL CUSCO
082 _aC / 631 /
_bP19
100 _aPaliza Gallegos, Luis Alberto
_923827
245 _aEconomía agrícola /
260 _aCuzco :
_bMercantil,
_c1965.
300 _a134 páginas ;
_c29 cm.
505 _aContenido: Ubicación y posición de la economía agrícola -- La producción -- La naturaleza o medio físico -- El valor de la tierra -- La propiedad rural -- La propiedad territorial y sus clases ...
650 _aEconomía agraria
_95576
650 _aReforma agraria
_91861
942 _2ddc
_cLIBROS
945 _aacv
_d2019-04-11